[Event "ICS Rated blitz match"]
[Site "204.178.125.65"]
[Date "1999.08.28"]
[Round "?"]
[White "Hossa"]
[Black "Talmoves"]
[Result "0-1"]
[WhiteElo "2533"]
[BlackElo "2466"]
[PlyCount "87"]
[EventDate "1999.??.??"]

1. e4 c5 2. Nf3 e6 3. Nc3 a6 4. d4 cxd4 5. Nxd4 Qc7 6. Bd3 Nc6 7. Be3 Nf6 8.
Nxc6 bxc6 9. Bg5 Rb8 10. Bxf6 gxf6 11. O-O Rxb2 12. Qc1 Rb6 13. Qe3 Bd6 14. f4
Rb2 15. Qg3 Bc5+ 16. Kh1 Qa5 17. Qg7 Rf8 18. Qxf6 Rb7 19. Ne2 Be7 20. Qh6 d5
21. e5 Rh8 22. Qg7 Rf8 23. Bxh7 Bc5 24. Rab1 Rxb1 25. Rxb1 Qxa2 26. Rd1 a5 27.
Ng3 a4 28. Nh5 a3 29. Nf6+ Kd8 30. Qh6 Qc4 31. Rb1 a2 32. Rc1 Qc3 33. h3 Qb2
34. Rd1 a1=Q 35. Rxa1 Qxa1+ 36. Kh2 Qg1+ 37. Kg3 Ba6 38. c4 Bxc4 39. Bc2 Qf2+
40. Kh2 Bf1 41. Be4 dxe4 42. Qg7 Qg1+ 43. Kg3 Qxg2+ 44. Kh4 {Hossa resigns} 0-1

[Event "ICS Rated blitz match"]
[Site "204.178.125.65"]
[Date "1999.10.05"]
[Round "?"]
[White "Hossa"]
[Black "Talmoves"]
[Result "1-0"]
[WhiteElo "2416"]
[BlackElo "2644"]
[PlyCount "163"]
[EventDate "1999.??.??"]

1. d4 Nf6 2. c4 g6 3. Nc3 Bg7 4. e4 d6 5. f3 O-O 6. Be3 e5 7. Nge2 c6 8. Kf2
Na6 9. Rc1 Nd7 10. Qd2 exd4 11. Nxd4 Ndc5 12. Rd1 Qh4+ 13. g3 Qf6 14. Nde2 Be6
15. b3 Nb4 16. Qxd6 Nbd3+ 17. Rxd3 Nxd3+ 18. Qxd3 Rad8 19. Qc2 Rfe8 20. Bxa7
Bg4 21. Bg2 h5 22. Bb6 Rd6 23. Rf1 Bh6 24. Kg1 Rd2 25. Qc1 Rxe2 26. Qxh6 Qxc3
27. fxg4 hxg4 28. Qf4 Rf8 29. Bc5 Qb2 30. Bh1 Qh8 31. Bf2 Rxa2 32. Qc7 Rb2 33.
Qxb7 Qe5 34. Qxc6 Rd8 35. Bb6 Rd3 36. Qc8+ Kg7 37. Qxg4 Qd6 38. Bf2 Qe5 39. b4
Rxb4 40. c5 Rb2 41. Bg2 Rdd2 42. Bf3 Rbc2 43. Bd1 Ra2 44. Qf3 f6 45. Qe3 Rab2
46. Bf3 Kg8 47. Qh6 Qg5 48. Qxg5 fxg5 49. e5 Rd3 50. Kg2 Kf7 51. h3 Ke6 52. Be4
Rd4 53. Bxg6 Kxe5 54. Rb1 Ra2 55. Bf7 Rc2 56. Re1+ Kf6 57. Bb3 Rb2 58. Rd1 Rxd1
59. Bxd1 Rd2 60. Bf3 Ke5 61. h4 gxh4 62. gxh4 Kf4 63. c6 Rc2 64. h5 Kg5 65. Kg3
Rc4 66. Be3+ Kf5 67. h6 Kg6 68. Bf4 Rc5 69. Be4+ Kf7 70. Bd6 Rc3+ 71. Kf4 Rc1
72. h7 Rf1+ 73. Kg4 Rg1+ 74. Bg3 Rh1 75. Bxh1 Kg7 76. h8=Q+ Kxh8 77. Be5+ Kg8
78. Bd5+ Kf8 79. Bf6 Ke8 80. Be6 Kf8 81. c7 Ke8 82. c8=Q# {Talmoves checkmated}
1-0

[Event "ICS Rated blitz match"]
[Site "204.178.125.65"]
[Date "1999.09.15"]
[Round "?"]
[White "Hossa"]
[Black "Teufel"]
[Result "1/2-1/2"]
[WhiteElo "2350"]
[BlackElo "2296"]
[PlyCount "211"]
[EventDate "1999.??.??"]

1. Nf3 d5 2. g3 e6 3. Bg2 Nf6 4. Nc3 Be7 5. O-O O-O 6. d3 Nbd7 7. Nd2 b6 8. e4
dxe4 9. Ndxe4 Rb8 10. Re1 a6 11. f3 Bb7 12. Rb1 Nc5 13. d4 Ncxe4 14. fxe4 c5
15. d5 exd5 16. exd5 Re8 17. Bf4 Bd6 18. Qf3 Bxf4 19. Rxe8+ Nxe8 20. Qxf4 Qd6
21. Qxd6 Nxd6 22. Re1 Kf8 23. b3 b5 24. Ne4 Nxe4 25. Bxe4 Re8 26. Kf2 h6 27. c4
b4 28. Bf5 Rxe1 29. Kxe1 Ke7 30. Ke2 Kd6 31. Bd3 Bc8 32. Kf3 Ke5 33. Bh7 a5 34.
Bd3 Bd7 35. h4 f5 36. h5 Be8 37. g4 fxg4+ 38. Kxg4 Bd7+ 39. Kg3 a4 40. bxa4
Bxa4 41. Bg6 Bd7 42. Kf3 Bc8 43. Kg3 Bd7 44. Kf3 Bh3 45. Bd3 Bd7 46. Ke3 Ba4
47. Bg6 b3 48. axb3 Bxb3 49. Kd3 Bd1 50. Be8 Kf6 51. Kc3 Be2 52. Kb3 Bd3 53.
Kc3 Bf5 54. Kd2 Ke5 55. Ke3 Bb1 56. Ke2 Bf5 57. Kd2 Kd6 58. Ke3 Ke5 59. Kf2 Bd3
60. Bb5 Kf6 61. Ke3 Bf5 62. d6 Ke6 63. Kf4 Bd3 64. d7 Ke7 65. Ke5 Be2 66. Kd5
Bxh5 67. Kc6 Kd8 68. Kxc5 Be2 69. Kd5 h5 70. Ba4 h4 71. c5 Kc7 72. Ke6 Bg4+ 73.
Ke7 Bxd7 74. Bxd7 h3 75. Bxh3 g5 76. Bd7 g4 77. Bb5 g3 78. Bf1 Kc6 79. Bg2+
Kxc5 80. Be4 Kd4 81. Bf3 Ke3 82. Bg2 Kf4 83. Kf7 Ke3 84. Kg7 Kf2 85. Bh1 Ke3
86. Kh7 Kf2 87. Kh8 Kg1 88. Bf3 Kh2 89. Kg8 Kh3 90. Kh8 Kh4 91. Kg8 Kg5 92. Kh8
Kf6 93. Kg8 Kg5 94. Kh8 Kf4 95. Bg2 Kg5 96. Kg8 Kf6 97. Kh8 Kg5 98. Kg8 Kf4 99.
Kh8 Ke3 100. Kg8 Kd2 101. Kh8 Kd3 102. Kg8 Kc3 103. Kh8 Kd2 104. Kg8 Ke3 105.
Kh8 Kf2 106. Bh1 {Teufel ran out of time and Hossa has no material to mate}
1/2-1/2

[Event "ICS Rated blitz match"]
[Site "204.178.125.65"]
[Date "1999.09.05"]
[Round "?"]
[White "Hossa"]
[Black "TioHoracio"]
[Result "1/2-1/2"]
[WhiteElo "2523"]
[BlackElo "2023"]
[PlyCount "213"]
[EventDate "1999.??.??"]

1. e4 c5 2. Ne2 d6 3. d4 cxd4 4. Nxd4 Nf6 5. Bb5+ Bd7 6. Nc3 a6 7. Bxd7+ Nbxd7
8. O-O e6 9. Nde2 Be7 10. Bf4 Qc7 11. Qd2 O-O 12. Rad1 Ne5 13. Bxe5 dxe5 14.
Qe3 Rfd8 15. Rd3 Bc5 16. Qg5 h6 17. Qg3 b5 18. a3 Nh5 19. Qf3 Nf4 20. Nxf4 exf4
21. Rfd1 Rxd3 22. Qxd3 Qb6 23. Qf3 g5 24. a4 Bd4 25. axb5 axb5 26. Nxb5 Qxb5
27. Rxd4 Ra1+ 28. Rd1 Qxb2 29. g3 fxg3 30. hxg3 Rc1 31. Kg2 Rxc2 32. Rh1 Qe5
33. Rxh6 Kg7 34. Rh5 Rc4 35. Qg4 Qxe4+ 36. Qxe4 Rxe4 37. Rxg5+ Kf6 38. Rh5 Ke7
39. Rh4 Re2 40. g4 f6 41. Rh7+ Kf8 42. Kg3 e5 43. Kf3 Ra2 44. Rb7 Ra4 45. Kg3
Rf4 46. f3 Ra4 47. Kg2 Rf4 48. Kf2 Rd4 49. Ke2 Rf4 50. Rd7 Ke8 51. Rg7 Kf8 52.
Rb7 Ke8 53. Kf2 Kf8 54. Rh7 e4 55. Ke3 Rxf3+ 56. Kxe4 Rf1 57. Rc7 Ke8 58. Rb7
Kf8 59. Rd7 Ke8 60. Ra7 Kf8 61. Rh7 Kg8 62. Rd7 Kf8 63. Rb7 Ke8 64. Rc7 Kf8 65.
Ra7 Ke8 66. Kd3 Kf8 67. Rh7 Kg8 68. Rh4 Kf7 69. Ke2 Rf4 70. Ke3 Ra4 71. Kf3 Kg6
72. Rh5 Ra3+ 73. Kf4 Ra4+ 74. Kg3 Ra3+ 75. Kh4 Ra4 76. Rd5 Ra3 77. Rd2 Re3 78.
Rd7 Ra3 79. Rd5 Rc3 80. Rd8 Rb3 81. Re8 Rd3 82. Re2 Ra3 83. Re1 Rd3 84. Re8 Rc3
85. Re6 Rc4 86. Rb6 Rd4 87. Kg3 Rd3+ 88. Kf4 Rd4+ 89. Kf3 Ra4 90. Rd6 Ra3+ 91.
Kf4 Ra4+ 92. Kg3 Ra3+ 93. Kh4 Rc3 94. Rd4 Rc5 95. Rd2 Re5 96. Rd3 Ra5 97. Rh3
Ra4 98. Rf3 Ra2 99. Kh3 Rb2 100. Kg3 Rb1 101. Re3 Rg1+ 102. Kf3 Rf1+ 103. Ke4
Rd1 104. Re2 Rd6 105. Rh2 Ra6 106. Rh1 Ra4+ 107. Kf3 {
Game drawn by the 50 move rule} 1/2-1/2

[Event "ICS Rated blitz match"]
[Site "204.178.125.65"]
[Date "1999.10.11"]
[Round "?"]
[White "Hossa"]
[Black "Trifolium"]
[Result "1/2-1/2"]
[WhiteElo "2377"]
[BlackElo "2412"]
[PlyCount "71"]
[EventDate "1999.??.??"]

1. g3 d5 2. Bg2 e5 3. d3 Nc6 4. Nf3 Nf6 5. O-O Be7 6. e4 dxe4 7. dxe4 Qxd1 8.
Rxd1 Bg4 9. Nc3 Nd4 10. Rxd4 exd4 11. Nb5 Rc8 12. e5 Nd7 13. Nfxd4 c5 14. Nxa7
Rb8 15. Ndb5 Nxe5 16. Bf4 f6 17. Re1 O-O 18. Bxe5 fxe5 19. Bd5+ Kh8 20. f4 c4
21. Kg2 Rfd8 22. h3 Rxd5 23. hxg4 Rd2+ 24. Kf1 Rxc2 25. Rxe5 Bf6 26. Re4 Bxb2
27. Nd6 c3 28. Nac8 h6 29. g5 Kh7 30. gxh6 Kxh6 31. f5 Rh2 32. Nf7+ Kh7 33.
Ng5+ Kh6 34. Nf7+ Kh7 35. Ng5+ Kh6 36. Nf7+ {Game drawn by repetition} 1/2-1/2

[Event "ICS Rated blitz match"]
[Site "204.178.125.65"]
[Date "1999.10.15"]
[Round "?"]
[White "Hossa"]
[Black "Trifolium"]
[Result "0-1"]
[WhiteElo "2396"]
[BlackElo "2464"]
[PlyCount "121"]
[EventDate "1999.??.??"]

1. c4 Nf6 2. g3 g6 3. Bg2 Bg7 4. e4 d6 5. Ne2 O-O 6. O-O c5 7. d3 Nc6 8. Nbc3
Bg4 9. f3 Bd7 10. Bg5 h6 11. Be3 Qb6 12. Qd2 Kh7 13. Nd5 Nxd5 14. cxd5 Ne5 15.
Nc3 Bb5 16. Nxb5 Qxb5 17. Rfd1 e6 18. a4 Qd7 19. dxe6 fxe6 20. Qe2 Nc6 21. Rdc1
Nd4 22. Qd1 Nxf3+ 23. Bxf3 Bxb2 24. Rab1 Bxc1 25. Rxc1 e5 26. Rb1 b6 27. Rb2
Rab8 28. Rf2 Qg7 29. g4 Rf7 30. g5 hxg5 31. Bxg5 Rbf8 32. Kg2 Rc7 33. Qd2 Qd7
34. Qa2 Rcc8 35. Bd1 Rce8 36. Bf6 Qe6 37. Bb3 Qg4+ 38. Kh1 Qh5 39. Qb1 Qh3 40.
Bd5 Rb8 41. Qd1 b5 42. axb5 Rxb5 43. Bc4 Rb6 44. Ba2 a5 45. Bd5 a4 46. Ba2 Rb4
47. Qc2 Qe3 48. Bd5 a3 49. Rf1 Rxf6 50. Rxf6 Qe1+ 51. Kg2 Rb2 52. Qf2 Qb1 53.
Rxd6 Rxf2+ 54. Kxf2 a2 55. Bxa2 Qxa2+ 56. Kg3 c4 57. Rd5 cxd3 58. Rxd3 Qe2 59.
Rf3 Qxe4 60. Rf8 Kg7 61. Re8 {Hossa resigns} 0-1

[Event "ICS Rated blitz match"]
[Site "204.178.125.65"]
[Date "1999.09.22"]
[Round "?"]
[White "Hossa"]
[Black "VECTOR"]
[Result "1-0"]
[WhiteElo "1924"]
[BlackElo "1771"]
[PlyCount "79"]
[EventDate "1999.??.??"]

1. d4 d5 2. c4 e6 3. Nc3 c5 4. cxd5 exd5 5. Nf3 Nc6 6. dxc5 d4 7. Ne4 Bf5 8.
Nfg5 h6 9. Ng3 Bg6 10. N5e4 Nf6 11. Nd6+ Bxd6 12. cxd6 Qxd6 13. Bd2 O-O 14. Rc1
Rfe8 15. a3 Ne4 16. Nxe4 Bxe4 17. f3 Bg6 18. Kf2 Ne5 19. Bb4 Qb6 20. Qd2 a5 21.
Bc5 Nc4 22. Rxc4 Qe6 23. Rxd4 b6 24. Rd6 Qe5 25. Bxb6 Rab8 26. e4 Rxb6 27. Rxb6
Qc7 28. Qxa5 Qc2+ 29. Be2 Rc8 30. Rd1 Kh7 31. Qb5 Qc7 32. Kg1 h5 33. b4 h4 34.
a4 h3 35. gxh3 Qc2 36. Rbd6 Rc3 37. R6d2 Qb3 38. Qg5 Rxf3 39. Qh4+ Kg8 40. Rd8#
{VECTOR checkmated} 1-0

[Event "ICS Rated blitz match"]
[Site "204.178.125.65"]
[Date "1999.09.03"]
[Round "?"]
[White "Hossa"]
[Black "VESta"]
[Result "1-0"]
[WhiteElo "2550"]
[BlackElo "2162"]
[PlyCount "81"]
[EventDate "1999.??.??"]

1. e4 e5 2. Nf3 Nc6 3. Bb5 Bc5 4. O-O Nd4 5. Nxd4 Bxd4 6. c3 Bb6 7. d4 c6 8.
Bc4 d6 9. dxe5 dxe5 10. Qxd8+ Bxd8 11. Rd1 Bb6 12. Bg5 Nf6 13. Bxf6 gxf6 14. a4
a5 15. Rd2 Ke7 16. Na3 Be6 17. Bxe6 fxe6 18. Nc4 Bc7 19. Rad1 Rhd8 20. f3 Rxd2
21. Rxd2 Rd8 22. Rxd8 Kxd8 23. Kf2 Kd7 24. Ne3 Bb6 25. g4 Ke7 26. h4 h6 27. b4
axb4 28. cxb4 Bd4 29. Ke2 Bc3 30. Nc2 Kd6 31. Kd3 Bb2 32. a5 Kc7 33. h5 b6 34.
Ne3 bxa5 35. bxa5 Bd4 36. g5 fxg5 37. Ng4 Kd7 38. Nxh6 Ke7 39. Ng4 Kf7 40. a6
Kg7 41. Nxe5 {VESta resigns} 1-0

[Event "ICS Rated blitz match"]
[Site "204.178.125.65"]
[Date "1999.09.19"]
[Round "?"]
[White "Hossa"]
[Black "WhiteHorse"]
[Result "1-0"]
[WhiteElo "2559"]
[BlackElo "2339"]
[PlyCount "83"]
[EventDate "1999.??.??"]

1. d4 e6 2. e4 Nf6 3. e5 Nd5 4. Nf3 Nb6 5. Bd3 d5 6. exd6 cxd6 7. Bg5 Be7 8.
Bxe7 Qxe7 9. O-O N8d7 10. c3 Nf6 11. Nbd2 O-O 12. Qc2 Nbd7 13. Ng5 h6 14. Nh7
Nxh7 15. Bxh7+ Kh8 16. Bd3 f5 17. Rae1 b6 18. Bxf5 Bb7 19. Rxe6 Qg5 20. Be4 d5
21. Bg6 Nf6 22. Rfe1 Ng4 23. f3 Nf6 24. R1e5 Qh4 25. Re7 Bc8 26. Qd3 a5 27. Qb5
Ba6 28. Qxb6 Qf4 29. Nb3 a4 30. Rf5 axb3 31. Rxf4 bxa2 32. Re1 Bc4 33. Ra1 Rab8
34. Qd6 Rfd8 35. Qa3 Ra8 36. Qe7 Rd7 37. Qb4 Rdd8 38. Qc5 Rac8 39. Qe7 Rd7 40.
Qe6 Rb8 41. Rxf6 gxf6 42. Qxd7 {WhiteHorse resigns} 1-0

[Event "ICS Rated blitz match"]
[Site "204.178.125.65"]
[Date "1999.09.06"]
[Round "?"]
[White "Hossa"]
[Black "XtremelyHard"]
[Result "1-0"]
[WhiteElo "2521"]
[BlackElo "2811"]
[PlyCount "100"]
[EventDate "1999.??.??"]

1. e4 c5 2. Nf3 d6 3. d4 cxd4 4. Qxd4 Nc6 5. Qd1 g6 6. Bb5 Bg7 7. Nd4 Qa5+ 8.
Nc3 Bd7 9. Bxc6 bxc6 10. O-O Qb4 11. Nde2 Nf6 12. a3 Qb7 13. Rb1 d5 14. exd5
Nxd5 15. Bg5 Rd8 16. Qc1 h6 17. Bd2 e5 18. f4 f6 19. fxe5 fxe5 20. Ne4 Bf5 21.
N2g3 Qb6+ 22. Kh1 Ne7 23. Bb4 Bxe4 24. Nxe4 Nf5 25. Bc5 Qc7 26. Qe1 Rd5 27. Qf2
Rg8 28. g4 Nd4 29. Rbd1 Ne6 30. Nd6+ Kd8 31. c4 Rxd1 32. Rxd1 Nd4 33. Bb4 Rf8
34. Nb7+ Qxb7 35. Bxf8 c5+ 36. Kg1 Kc8 37. Bxg7 Qxg7 38. b4 Qe7 39. Qg2 e4 40.
Kh1 Nf3 41. Qh3 Qg5 42. bxc5 Ne5 43. Qf1 Nf3 44. c6 Qf6 45. g5 Qe6 46. gxh6 Kc7
47. h7 Qc8 48. Rd7+ Kxc6 49. Qd1 Qxd7 50. Qa4+ 50... Kd6 {XtremelyHard resigns}
1-0

[Event "ICS Rated blitz match"]
[Site "204.178.125.65"]
[Date "1999.10.12"]
[Round "?"]
[White "Hossa"]
[Black "Z-Almasi"]
[Result "1-0"]
[WhiteElo "2396"]
[BlackElo "2296"]
[PlyCount "35"]
[EventDate "1999.??.??"]

1. e4 e6 2. d4 d5 3. Nc3 Nf6 4. Bg5 dxe4 5. Nxe4 Be7 6. Nxf6+ Bxf6 7. Bxf6 Qxf6
8. Nf3 Nd7 9. Bd3 c5 10. c3 cxd4 11. cxd4 O-O 12. O-O b6 13. Qc2 g6 14. Qc7 Rb8
15. Rfc1 Rd8 16. Ne5 Nxe5 17. dxe5 Qh4 18. Qxb8 {Z-Almasi resigns} 1-0

[Event "ICS Rated blitz match"]
[Site "204.178.125.65"]
[Date "1999.08.28"]
[Round "?"]
[White "Hossa"]
[Black "Zamok"]
[Result "1-0"]
[WhiteElo "2451"]
[BlackElo "2220"]
[PlyCount "139"]
[EventDate "1999.??.??"]

1. e4 c5 2. Nf3 d6 3. Bb5+ Nd7 4. O-O Ngf6 5. d3 a6 6. Bxd7+ Bxd7 7. Bg5 e6 8.
Bxf6 Qxf6 9. Nc3 Be7 10. Rb1 Bc6 11. Qe2 O-O 12. Qe3 Rfe8 13. e5 Qf5 14. Ne4
Bxe4 15. dxe4 Qh5 16. exd6 Bxd6 17. e5 Be7 18. Rbd1 Red8 19. Qe4 b5 20. Rxd8+
Rxd8 21. Qb7 Bf8 22. Qxa6 Qf5 23. Qb6 Rd5 24. Qxb5 Qxc2 25. h3 h6 26. Re1 c4
27. Qb8 Qa4 28. a3 Rb5 29. Qe8 Qa5 30. Rd1 Rd5 31. Rb1 Qb6 32. Qa4 c3 33. b4
Qc7 34. Qc2 Qc4 35. Rb3 Rd3 36. Ne1 Rd2 37. Qxc3 Qe2 38. Qe3 Qxe3 39. Rxe3 Ra2
40. g4 Be7 41. Rc3 Bh4 42. Nd3 Ra1+ 43. Kg2 Bg5 44. f4 Bh4 45. Kf3 Be1 46. Nxe1
Rxe1 47. a4 Rb1 48. b5 Rb4 49. Ra3 Kf8 50. h4 Ke8 51. g5 h5 52. Ke3 Kd7 53. Ra2
Kc7 54. Kf3 Kb7 55. Ra3 Kb6 56. a5+ Kb7 57. b6 Ka6 58. Kg3 Kb7 59. a6+ Ka8 60.
b7+ Ka7 61. Kf3 Rb6 62. Ra4 Rb3+ 63. Ke4 Rb6 64. Kd3 Rb5 65. Kc4 Rb6 66. Rb4
Rc6+ 67. Kd4 Kb8 68. a7+ Kxa7 69. b8=Q+ Ka6 70. Qa8# {Zamok checkmated} 1-0

[Event "ICS Rated blitz match"]
[Site "204.178.125.65"]
[Date "1999.10.02"]
[Round "?"]
[White "Hossa"]
[Black "Zamok"]
[Result "1-0"]
[WhiteElo "2455"]
[BlackElo "2068"]
[PlyCount "93"]
[EventDate "1999.??.??"]

1. d4 Nf6 2. c4 e6 3. Nf3 b6 4. Bg5 Bb7 5. e3 Bb4+ 6. Nbd2 O-O 7. Be2 d6 8. O-O
Bxd2 9. Nxd2 Nbd7 10. Bh5 h6 11. Bxf6 Nxf6 12. Bf3 Bxf3 13. Qxf3 d5 14. cxd5
Qxd5 15. Rfc1 Qxf3 16. Nxf3 Rac8 17. Rc6 Nd5 18. Rac1 Rfe8 19. e4 Nf4 20. R1c4
Re7 21. b4 Kf8 22. b5 Ke8 23. g3 Ng6 24. Ra4 Ra8 25. h4 Rd7 26. Rc3 f6 27. Rca3
a5 28. bxa6 c6 29. Rb4 b5 30. h5 Ne7 31. Ra5 Rda7 32. Rb2 Rxa6 33. Rxa6 Rxa6
34. Kg2 Nc8 35. Re2 Nd6 36. e5 Nc4 37. exf6 gxf6 38. Rxe6+ Kf7 39. Re2 Nd6 40.
g4 f5 41. gxf5 Nxf5 42. Rd2 Kf6 43. Rc2 Ne7 44. Ne5 Kg5 45. Rc5 Kf4 46. Ng6+
Kg4 47. f3# {Zamok checkmated} 1-0

[Event "ICS Rated blitz match"]
[Site "204.178.125.65"]
[Date "1999.09.15"]
[Round "?"]
[White "Hossa"]
[Black "Zippy"]
[Result "1/2-1/2"]
[WhiteElo "2393"]
[BlackElo "2285"]
[PlyCount "177"]
[EventDate "1999.??.??"]

1. d4 Nf6 2. c4 e6 3. Nc3 Bb4 4. a3 Bxc3+ 5. bxc3 O-O 6. Bg5 h6 7. Bxf6 Qxf6 8.
e3 d6 9. Bd3 e5 10. Ne2 Nc6 11. O-O Bf5 12. Bxf5 Qxf5 13. f3 Na5 14. e4 Qe6 15.
d5 Qd7 16. Qd3 f5 17. Rfb1 fxe4 18. fxe4 a6 19. Ng3 c6 20. Rb6 Qd8 21. Rab1 Rf7
22. Nf5 Rf6 23. dxc6 bxc6 24. c5 dxc5 25. Qxd8+ Rxd8 26. Rxa6 Nc4 27. Rb7 Rd1+
28. Kf2 Rd2+ 29. Kg3 Rg6+ 30. Kh4 Rgxg2 31. Nxh6+ Kh7 32. Ng4 Nd6 33. Re7 Nxe4
34. Rxe5 Nf6 35. h3 Nxg4 36. hxg4 Rd5 37. Re3 Rd6 38. Ra4 Kg6 39. Rae4 Rf6 40.
c4 Rc2 41. Rd3 Rh2+ 42. Kg3 Rc2 43. Rb3 Rd6 44. Rbe3 Rd4 45. Re6+ Kh7 46. R3e5
Rcxc4 47. Rh5+ Kg8 48. Rxc6 Rxg4+ 49. Kh3 Rge4 50. Rc8+ Kf7 51. Rcxc5 Re3+ 52.
Kh2 Rxc5 53. Rxc5 Rxa3 54. Kg2 g6 55. Rc7+ Kf6 56. Rc6+ Kf5 57. Rc5+ Kg4 58.
Rc4+ Kh5 59. Rc5+ g5 60. Rc4 g4 61. Rc8 Kg5 62. Rg8+ Kf5 63. Rf8+ Ke4 64. Re8+
Kf4 65. Rf8+ Ke5 66. Re8+ Kf6 67. Rf8+ Kg6 68. Rg8+ Kh5 69. Rc8 Rf3 70. Rh8+
Kg5 71. Rg8+ Kf5 72. Rf8+ Ke4 73. Rxf3 gxf3+ 74. Kf2 Kf4 75. Kf1 Kg4 76. Kf2
Kf4 77. Kf1 Ke3 78. Ke1 Kd3 79. Kf2 Ke4 80. Kf1 Kf4 81. Kf2 Kg4 82. Kf1 Kg3 83.
Kg1 Kh4 84. Kf2 Kg4 85. Kf1 Kf5 86. Kf2 Ke4 87. Kf1 Kd5 88. Kf2 Ke4 89. Kf1 {
Game drawn by repetition} 1/2-1/2

[Event "ICS Rated blitz match"]
[Site "204.178.125.65"]
[Date "1999.09.28"]
[Round "?"]
[White "Hossa"]
[Black "Zippy"]
[Result "1/2-1/2"]
[WhiteElo "2427"]
[BlackElo "2291"]
[PlyCount "78"]
[EventDate "1999.??.??"]

1. e4 e5 2. Nf3 Nc6 3. Bb5 a6 4. Ba4 Nf6 5. O-O Nxe4 6. d4 b5 7. Bb3 d5 8. Nxe5
Nxe5 9. dxe5 c6 10. Nd2 Nc5 11. a4 Bf5 12. axb5 axb5 13. Rxa8 Qxa8 14. Qf3 Qc8
15. c3 Qe6 16. Qg3 g6 17. Qe3 Be7 18. Bd1 Nd3 19. Nf3 Nxc1 20. Qxc1 c5 21. Qh6
Bf8 22. Qe3 Be7 23. Be2 Qa6 24. Rd1 O-O 25. Qh6 Qa2 26. Bxb5 Rb8 27. Bc6 Be4
28. Ng5 Bxg5 29. Qxg5 Qxb2 30. Rc1 Rc8 31. Bd7 Ra8 32. f3 Bd3 33. Bc6 Ra1 34.
Qd8+ Kg7 35. Qf6+ Kh6 36. Qh4+ Kg7 37. Qf6+ Kh6 38. Qh4+ Kg7 39. Qf6+ 39... Kh6
{Game drawn by repetition} 1/2-1/2

[Event "ICS Rated blitz match"]
[Site "204.178.125.65"]
[Date "1999.09.13"]
[Round "?"]
[White "Hossa"]
[Black "Zippy"]
[Result "1/2-1/2"]
[WhiteElo "2384"]
[BlackElo "2246"]
[PlyCount "163"]
[EventDate "1999.??.??"]

1. d4 Nf6 2. c4 g6 3. Nc3 Bg7 4. e4 d6 5. Nf3 O-O 6. Be2 c5 7. dxc5 dxc5 8. Be3
b6 9. O-O Ng4 10. Qd5 Qxd5 11. exd5 Nxe3 12. fxe3 Nd7 13. Rac1 Bh6 14. Nd1 f5
15. b3 e5 16. Rc3 e4 17. Nd2 Bg7 18. Rc2 Ne5 19. Nf2 Rf7 20. Nh3 Bd7 21. Nf4
Rd8 22. Rcc1 a6 23. a4 g5 24. Nh3 g4 25. Nf2 Rf6 26. Nd1 Rh6 27. Rc2 Nd3 28.
Nf2 Nb4 29. Rcc1 Bb2 30. Rb1 Bc3 31. Ndxe4 fxe4 32. Bxg4 Bxg4 33. Nxg4 Rg6 34.
Rf4 Re8 35. Rbf1 Nc2 36. g3 Kh8 37. R1f2 Ne1 38. Rf8+ Rxf8 39. Rxf8+ Kg7 40.
Rf4 Nf3+ 41. Kg2 Nd2 42. Nf2 Be5 43. Rf5 Bd6 44. Rh5 h6 45. Rf5 Rf6 46. Rh5 Rf8
47. Ng4 Rh8 48. Nf2 Kg6 49. Rh4 Be7 50. Rg4+ Kf5 51. Rf4+ Ke5 52. Ng4+ Kd6 53.
Nf2 Nxb3 54. Nxe4+ Ke5 55. Kf3 Rf8 56. Nf2 Nd2+ 57. Ke2 Nxc4 58. Rxc4 Kxd5 59.
Rf4 b5 60. Rxf8 Bxf8 61. axb5 axb5 62. Nd3 b4 63. Kd2 c4 64. Nf4+ Ke4 65. Ne6
Be7 66. Nd4 b3 67. Nxb3 cxb3 68. Kc3 Kxe3 69. Kb2 Kf3 70. Kc3 h5 71. Kd3 Bb4
72. Kd4 b2 73. Kc4 b1=Q 74. Kb5 Be1+ 75. Kc6 Qc2+ 76. Kd5 Qd3+ 77. Kc5 Qe3+ 78.
Kb5 Qe2+ 79. Kc6 Qxh2 80. Kd6 h4 81. Kd5 hxg3 82. Kc5 {
Zippy ran out of time and Hossa has no material to mate} 1/2-1/2

[Event "ICS Rated blitz match"]
[Site "204.178.125.65"]
[Date "1999.09.23"]
[Round "?"]
[White "Hossa"]
[Black "Zippy"]
[Result "0-1"]
[WhiteElo "2420"]
[BlackElo "2314"]
[PlyCount "77"]
[EventDate "1999.??.??"]

1. e4 c5 2. Nf3 Nc6 3. Bb5 g6 4. c3 Qb6 5. Na3 Bg7 6. d3 d6 7. Nd2 Qc7 8. Nac4
a6 9. Bxc6+ Qxc6 10. O-O Nf6 11. f3 O-O 12. d4 cxd4 13. cxd4 d5 14. Na5 Qb6 15.
Nab3 e5 16. exd5 Nxd5 17. Nc4 Qa7 18. Re1 exd4 19. a4 Be6 20. Bg5 Rfc8 21. Rc1
Rxc4 22. Rxc4 Ne3 23. Bxe3 dxe3 24. Qd3 Bxc4 25. Qxc4 Rd8 26. Qe2 Bh6 27. Kh1
Qb6 28. Qc4 e2 29. Nc5 Qxb2 30. Qe4 Rd1 31. Nd3 Qd2 32. h3 Rxe1+ 33. Nxe1 Qxe1+
34. Kh2 Qf2 35. Qe8+ Bf8 36. f4 e1=Q 37. Qxe1 Qxe1 38. g4 Qf2+ 39. Kh1 {
Hossa resigns} 0-1

[Event "ICS Rated blitz match"]
[Site "204.178.125.65"]
[Date "1999.08.27"]
[Round "?"]
[White "Hossa"]
[Black "Zippy"]
[Result "0-1"]
[WhiteElo "2307"]
[BlackElo "2331"]
[Annotator "Fritz 5.32 (22s)"]
[PlyCount "101"]
[EventDate "1999.??.??"]

1. c4 e5 2. g3 Nc6 3. Bg2 g6 4. e4 (4. e3 Bg7 5. Ne2 Nge7 6. Nbc3 Nf5 7. Rb1 a5
8. a3 O-O 9. O-O d6 10. b4 axb4 11. axb4 h5 12. b5 Nce7 13. d3 c6 14. bxc6 bxc6
15. e4 Nd4 16. Nxd4 exd4 17. Ne2 Ra2 18. Bg5 18... Qc7 {
Vaulin,A-Kholmov,R/Policka 1995/EXT 99/ - (34)}) 4... Bc5 $146 (4... Bg7 5. Ne2
Nd4 6. Nbc3 c6 7. d3 Ne7 8. O-O d6 9. Nxd4 exd4 10. Ne2 O-O 11. Rb1 a5 12. b3
Be6 13. Nf4 Bd7 14. Re1 Re8 15. Ba3 Qc7 16. c5 dxc5 17. Bxc5 b6 18. Ba3 c5 19.
Bc1 {Juric,S-Gazarek,D/Zagreb 1997/EXT 99/ - (35)}) 5. Ne2 d6 6. Nbc3 Nf6 7.
O-O Bg4 8. Qb3 Na5 9. Qa4+ Nc6 10. d3 (10. Qb3 10... Bb6 $11) 10... h6 {
Deckt g5} 11. Qb5 a6 12. Qb3 (12. Qxb7 $4 {der Bauer ist nicht zu nehmen} 12...
Na5 13. Qxa8 13... Qxa8 $19) 12... Rb8 13. Qc2 b5 14. cxb5 axb5 15. Be3 Nd4 16.
Nxd4 $2 $19 (16. Bxd4 $142 {und Weiss kann noch kaempfen} 16... exd4 17. Nd1
$11) 16... exd4 (16... Bxd4 $6 17. a4 b4 18. Nb5 $14) 17. e5 17... dxe3 $15 (
17... Nd7 $5 $142 18. Bf4 dxc3 19. exd6 Bxd6 20. Qxc3 20... Qf6 $19) 18. exf6
exf2+ ({Nicht} 18... Qxf6 19. fxe3 Bxe3+ 20. Kh1 $14) 19. Kh1 Qxf6 (19... Bf5
20. Nd5 $15) 20. Nd5 Qd4 (20... Qe5 21. Nxc7+ Kf8 22. Na6 $11) 21. Nxc7+ Kf8
22. Na6 Re8 (22... Kg7 23. Nxc5 dxc5 24. Rxf2 $15) 23. Nxc5 dxc5 24. Rxf2 24...
Bf5 {Nimmt den isolierten Bauern d3 ins Visier} 25. Rd1 Kg7 26. Rf4 26... Qe5 {
Schwarz haelt das Heft fest in der Hand} 27. Qb3 $15 (27. Bc6 27... Rb8 $11)
27... Be6 28. Qxb5 Rb8 29. Qc6 $17 (29. Qa5 Rxb2 30. Re4 Rxa2 31. Rxe5 31...
Rxa5 $17) 29... Rxb2 30. Rc1 {Isolierte Bauern sind verwundbar} (30. a4 30...
Rd8 $15) 30... Rc8 31. Qf3 Rxa2 32. Rb1 $19 (32. d4 cxd4 33. Rxc8 Ra1+ (33...
Bxc8 $2 34. Rxf7+ Kh8 35. Rf8+ Kh7 36. Rxc8 Ra1+ 37. Bf1 $18) 34. Bf1 Bd5 (
34... Bxc8 $2 {haelt einer naeheren Pruefung nicht stand} 35. Rxf7+ Kh8 36.
Rf8+ Kh7 37. Rxc8 $18) 35. Rxf7+ 35... Bxf7 $19) 32... Rd8 33. Qf1 Bd5 34. Bf3
(34. Bxd5 Qxd5+ (34... Rxd5 $4 35. Rxf7+ Kg8 36. Rf8+ Kh7 37. Rb7+ Rd7 38.
Rxd7+ Qg7 39. Rxg7+ Kxg7 40. Qf7#) 35. Qf3 Qxf3+ (35... Qxd3 $4 {
das Schlagen des Bauern ist schlecht} 36. Rxf7+ Kg8 37. Rf8+ Rxf8 38. Qxd3 $18)
36. Rxf3 36... Re8 $19) 34... g5 35. Re4 (35. d4 cxd4 36. Re1 36... Qd6 $19)
35... Bxe4 {Droht Matt: Rxd3} 36. Bxe4 c4 37. Qf3 Ra1 38. Rxa1 Qxa1+ 39. Kg2
Qa2+ (39... Qb2+ $5 {waere im Gewinnsinne praeziser} 40. Kh3 cxd3 41. Bxd3 $19)
40. Kh3 (40. Kg1 {nuetzt auch nichts mehr} 40... Qb1+ 41. Kg2 41... cxd3 $19)
40... c3 41. Qf5 Qe6 42. d4 42... Rxd4 {Droht Matt} 43. Bc2 (43. Bb1 Qxf5+ 44.
Bxf5 g4+ 45. Kg2 45... Kf6 $19) 43... Rd2 (43... Qe3 44. Qh7+ Kf8 45. Qxh6+ Ke7
46. Qa6 Rh4+ 47. Kg2 Qd2+ 48. Kg1 Qxh2+ 49. Kf1 Qxg3 50. Qa7+ Kf8 51. Qc5+ Kg7
52. Qf2 Rh1+ 53. Ke2 $19) 44. Qxe6 44... fxe6 {
Mit der Mattdrohung Rxc2. Schwarz entwickelt eine toedliche Initiative} 45. Bb3
45... c2 {Es droht Matt} 46. Bxc2 Rxc2 47. Kg4 Rxh2 48. Kf3 h5 49. Ke4 Rh3 50.
Kd4 Rxg3 51. Ke5 0-1